Ultrafiltration and Microfiltration Handbook /
Contenido: Introducción; Química de membranas, estructura y funciones; Propiedades de las membranas; Modelos del funcionamiento y de la ingeniería; Equipo; Limpieza y suciedad; Diseño del proceso; Aplicaciones.
Spremljeno u:
| Glavni autor: | |
|---|---|
| Format: | Knjiga |
| Jezik: | engleski |
| Izdano: |
Boca Ratón, EUA :
CRC Press,
1998, c1998
|
| Izdanje: | 2a edición |
| Teme: | |
| Oznake: |
Bez oznaka, Budi prvi tko označuje ovaj zapis!
|
MARC
| LEADER | 00000nam^a2200000^a^4500 | ||
|---|---|---|---|
| 001 | 000184380 | ||
| 005 | 20250521000000.0 | ||
| 009 | 20260310102112.622 | ||
| 020 | |a 1-56676-598-6 | ||
| 037 | |a Acervo ITESO - Biblioteca | ||
| 041 | |a ING | ||
| 082 | |a 660. 284245 |b CHE | ||
| 100 | |a Cheryan, Munir |e (autor) | ||
| 245 | 1 | 0 | |a Ultrafiltration and Microfiltration Handbook / |c M. Cheryan. |
| 250 | |a 2a edición | ||
| 264 | 4 | |a Boca Ratón, EUA : |b CRC Press, |c 1998, c1998 | |
| 300 | |a XVII, 527 p. | ||
| 336 | |a texto |b txt |2 rdacontenido | ||
| 337 | |a sin mediación |b n |2 rdamedio | ||
| 338 | |a volumen |b nc |2 rdasoporte | ||
| 520 | |a Contenido: Introducción; Química de membranas, estructura y funciones; Propiedades de las membranas; Modelos del funcionamiento y de la ingeniería; Equipo; Limpieza y suciedad; Diseño del proceso; Aplicaciones. | ||
| 649 | |a XX | ||
| 650 | |a Ultrafiltración | ||
| 650 | |a Membranas (Tecnología) | ||
| 650 | |a Filtros y Filtración | ||
| 650 | |a Procesos Mecánico-Físicos | ||
| 650 | |a Operaciones Unitarias | ||
| 650 | |a Ingeniería Química - |x Equipo y Aparatos | ||
| 910 | |a Fondo General | ||
| 920 | |a Impresos - Libros | ||
| 930 | |a Colección General | ||
| 905 | |a 101 | ||
| 901 | |a 0500125058 |b IT1 |c ACC |u 20250521 | ||
| 902 | |a https://opac.biblio.iteso.mx/vufind/Record/000184380 | ||